| 000 | 01298cam a2200421 i 4500 | ||
|---|---|---|---|
| 001 | 17901919 | ||
| 003 | OSt | ||
| 005 | 20251017130358.0 | ||
| 007 | ta | ||
| 008 | 130731s2013 ii b 001 0 eng d | ||
| 010 | _a 2013334315 | ||
| 016 | 7 |
_a016479811 _2Uk |
|
| 020 | _a9788129124609 | ||
| 020 | _a8129124602 | ||
| 025 | _aI-E-2013-334315; 69-91; 63-91 | ||
| 035 | _a17901919 | ||
| 035 | _a(OCoLC)855958914 | ||
| 037 | _aLibrary of Congress -- New Delhi Overseas Office | ||
| 040 |
_aDKAGE _beng _erda _cDKAGE _dUKMGB _dDLC |
||
| 042 |
_alccopycat _alcode |
||
| 043 | _aa-ii--- | ||
| 082 | 0 | 4 | _a320.954 GUP |
| 100 | 1 |
_aGupta, Dipankar, _d1949- _eauthor. |
|
| 245 | 1 | 0 |
_aRevolution from above : _bIndia's future and the citizen elite / _cDipankar Gupta. |
| 264 | 1 |
_aNew Delhi : _bRainlight, _c2013. |
|
| 300 |
_axiii, 225 pages ; _c23 cm |
||
| 336 |
_atext _2rdacontent |
||
| 337 |
_aunmediated _2rdamedia |
||
| 338 |
_avolume _2rdacarrier |
||
| 504 | _aIncludes bibliographical references (pages 210-218) and index. | ||
| 650 | 0 |
_aDemocracy _zIndia. |
|
| 650 | 0 | _aDemocracy. | |
| 650 | 0 |
_aElite (Social sciences) _zIndia. |
|
| 650 | 0 | _aElite (Social sciences) | |
| 906 |
_a7 _bcbc _ccopycat _d3 _encip _f20 _gy-gencatlg |
||
| 942 |
_2ddc _cBK |
||
| 999 |
_c36192 _d36192 |
||